[Event "CZE-chT2B 0910"]
[Site "Czech Republic"]
[Date "2010.01.17"]
[Round "5.2"]
[White "Kamenik, Martin"]
[Black "Soukup, Jiri"]
[Result "0-1"]
[WhiteElo "2029"]
[BlackElo "2311"]
[PlyCount "148"]
[EventDate "2009.10.18"]
[EventType "team-tourn"]
[EventRounds "11"]
[EventCountry "CZE"]
[SourceTitle "EXT 2012"]
[Source "ChessBase"]
[SourceDate "2011.11.24"]
[SourceVersion "1"]
[SourceVersionDate "2011.11.24"]
[SourceQuality "1"]
[WhiteTeam "Most Marty"]
[BlackTeam "Karlovy Vary"]
[WhiteTeamCountry "CZE"]
[BlackTeamCountry "CZE"]

1. e4 c5 2. f4 e6 3. Nf3 d5 4. e5 Nc6 5. c3 h5 6. Na3 Nh6 7. Nc2 d4 8. d3 Nf5 9. c4 h4 10. Be2 Rb8 11. 0-0 b6 12. Ng5 Be7 13. Ne4 Bb7 14. Bf3 Qc7 15. Bd2 Kd7 16. Qe2 Rbg8 17. Rae1 Nd8 18. a3 f6 19. Nf2 fxe5 20. Bxb7 Qxb7 21. fxe5 g5 22. Ng4 h3 23. g3 Rg6 24. b4 Kc8 25. Rf3 Nf7 26. Qe4 Qxe4 27. Rxe4 Bd8 28. Rf2 Bc7 29. Ne1 Kd7 30. Nf3 Ke7 31. Re1 Rb8 32. Rfe2 Nh4 33. Rf1 Nf5 34. Rfe1 Rgg8 35. Re4 Rg7 36. R1e2 b5 37. bxc5 bxc4 38. Nxd4 Rb1+ 39. Re1 Rxe1+ 40. Bxe1 Nxd4 41. Rxd4 cxd3 42. Rxd3 Nxe5 43. Nxe5 Bxe5 44. g4 Rf7 45. Rxh3 Bd4+ 46. Kg2 Bxc5 47. Rc3 Kd6 48. h4 gxh4 49. Bxh4 Kd5 50. Bg3 Rb7 51. g5 Rg7 52. Bh4 Bd4 53. Rc2 Be3 54. Kf3 Bxg5 55. Bxg5 Rxg5 56. Rc7 a5 57. Kf4 Rf5+ 58. Ke3 Rh5 59. Rd7+ Ke5 60. a4 Rh4 61. Rb7 Rxa4 62. Rb5+ Kf6 63. Kd3 e5 64. Rb8 Rd4+ 65. Ke3 a4 66. Ra8 Rb4 67. Kd3 Kf5 68. Rf8+ Kg4 69. Ra8 Kf3 70. Rf8+ Rf4 71. Ra8 e4+ 72. Kd2 Kf2 73. Rh8 a3 74. Rh2+ Kg1 0-1

[Event "CZE-chT2b 0506"]
[Site "Czech Republic"]
[Date "2006.03.26"]
[Round "10"]
[White "Herskovic, Radek"]
[Black "Kamenik, Martin"]
[Result "1-0"]
[WhiteElo "2165"]
[BlackElo "2020"]
[PlyCount "55"]
[EventDate "2005.10.16"]
[EventType "team"]
[EventRounds "11"]
[EventCountry "CZE"]
[SourceTitle "EXT 2009"]
[Source "ChessBase"]
[SourceDate "2008.11.26"]
[SourceVersion "1"]
[SourceVersionDate "2008.11.26"]
[SourceQuality "1"]

1. e4 e5 2. Nf3 Nc6 3. d4 exd4 4. Nxd4 Bc5 5. Be3 Qf6 6. c3 Nge7 7. g3 d5 8. Bg2 dxe4 9. Nd2 Bxd4 10. cxd4 0-0 11. Nxe4 Qg6 12. 0-0 Bf5 13. Nc5 b6 14. Nb3 Rad8 15. Rc1 Nd5 16. a3 Rfe8 17. Nd2 Re6 18. Qb3 Nce7 19. Nf3 Qh5 20. Ne5 g5 21. f4 Rh6 22. h4 g4 23. Rfe1 Re6 24. Bd2 a5 25. Qb5 Qh6 26. b4 axb4 27. Bxb4 Nxb4 28. axb4 1-0

[Event "CZE-chT2b 0506"]
[Site "Czech Republic"]
[Date "2006.02.26"]
[Round "8"]
[White "Havranek, Miroslav"]
[Black "Kamenik, Martin"]
[Result "1-0"]
[WhiteElo "2239"]
[BlackElo "2020"]
[PlyCount "50"]
[EventDate "2005.10.16"]
[EventType "team"]
[EventRounds "11"]
[EventCountry "CZE"]
[SourceTitle "EXT 2009"]
[Source "ChessBase"]
[SourceDate "2008.11.26"]
[SourceVersion "1"]
[SourceVersionDate "2008.11.26"]
[SourceQuality "1"]

1. e4 e5 2. Nf3 Nc6 3. Bb5 a6 4. Ba4 Nf6 5. 0-0 b5 6. Bb3 Be7 7. a4 b4 8. d4 exd4 9. e5 Ne4 10. Bd5 Nc5 11. Nxd4 Bb7 12. Bxc6 dxc6 13. Qg4 Qd5 14. Nf5 Ne6 15. Nxe7 Kxe7 16. Qxb4+ c5 17. Qh4+ Ke8 18. Qg3 Qe4 19. Be3 h5 20. Nd2 Qxc2 21. Nf3 Qf5 22. Nh4 Qc2 23. f4 g5 24. fxg5 Rg8 25. Rf2 Rd8 1-0

[Event "CZE-chT2b 0506"]
[Site "Czech Republic"]
[Date "2006.01.15"]
[Round "6"]
[White "Horak, Michal"]
[Black "Kamenik, Martin"]
[Result "1-0"]
[WhiteElo "2283"]
[BlackElo "2020"]
[PlyCount "79"]
[EventDate "2005.10.16"]
[EventType "team"]
[EventRounds "11"]
[EventCountry "CZE"]
[SourceTitle "EXT 2009"]
[Source "ChessBase"]
[SourceDate "2008.11.26"]
[SourceVersion "1"]
[SourceVersionDate "2008.11.26"]
[SourceQuality "1"]

1. e4 c5 2. Nc3 Nc6 3. g3 g6 4. Bg2 Bg7 5. d3 d6 6. f4 e5 7. Nf3 Nge7 8. 0-0 0-0 9. h3 f5 10. Nd5 Nxd5 11. exd5 Ne7 12. c4 Rb8 13. fxe5 dxe5 14. Qe2 e4 15. dxe4 fxe4 16. Qxe4 Nf5 17. Bf4 Nd6 18. Qe2 b5 19. Ng5 Rxf4 20. gxf4 bxc4 21. Ne6 Qf6 22. Nxg7 Qd4+ 23. Rf2 Qxg7 24. Re1 Bf5 25. Qe7 Re8 26. Qxg7+ Kxg7 27. Rxe8 Nxe8 28. Rf3 Nd6 29. Ra3 Nb5 30. Ra5 a6 31. Rxa6 c3 32. bxc3 Nxc3 33. Kf2 c4 34. a4 Na2 35. Rc6 c3 36. a5 Bd3 37. Ke3 Bb5 38. Rc7+ Kf6 39. Be4 Nb4 40. Rxc3 1-0

[Event "CZE-chT2b 0506"]
[Site "Czech Republic"]
[Date "2005.12.18"]
[Round "5"]
[White "Volfl, Zdenek"]
[Black "Kamenik, Martin"]
[Result "1-0"]
[WhiteElo "2280"]
[BlackElo "2020"]
[PlyCount "99"]
[EventDate "2005.10.16"]
[EventType "team"]
[EventRounds "11"]
[EventCountry "CZE"]
[SourceTitle "EXT 2009"]
[Source "ChessBase"]
[SourceDate "2008.11.26"]
[SourceVersion "1"]
[SourceVersionDate "2008.11.26"]
[SourceQuality "1"]

1. Nf3 f5 2. c4 Nf6 3. g3 g6 4. Bg2 Bg7 5. 0-0 0-0 6. d4 c6 7. Nc3 d6 8. Re1 d5 9. Qb3 e6 10. Bf4 h6 11. cxd5 exd5 12. Ne5 Kh7 13. Rad1 Nbd7 14. f3 Nb6 15. e4 g5 16. Be3 Be6 17. exf5 Bxf5 18. g4 Bg6 19. h3 Be8 20. Rf1 Nfd7 21. Qc2+ Kg8 22. f4 Bf6 23. Rde1 Kg7 24. b3 Nc8 25. Ne2 Nd6 26. Ng3 Rg8 27. Qd2 Kh8 28. Kh1 a5 29. fxg5 Bxg5 30. Nf5 Nxf5 31. Rxf5 Nxe5 32. Rxe5 Qf6 33. Bxg5 hxg5 34. Rf5 Qh6 35. Ree5 a4 36. Rxg5 Rxg5 37. Rxg5 Kh7 38. Qf4 axb3 39. Qc7+ Kh8 40. Qe5+ Kh7 41. axb3 Bg6 42. Qe7+ Kh8 43. Qf6+ Kh7 44. Re5 Rf8 45. Re7+ Kg8 46. Qe6+ Kh8 47. Qe5+ Kg8 48. g5 Qh8 49. Qe6+ Bf7 50. Rxf7 1-0

[Event "Znojmo Hostan op"]
[Site "Znojmo"]
[Date "2004.05.22"]
[Round "8"]
[White "Kamenik, Martin"]
[Black "Heber, Gernot"]
[Result "1/2-1/2"]
[WhiteElo "2055"]
[BlackElo "2012"]
[PlyCount "41"]
[EventDate "2004.05.15"]
[EventType "swiss"]
[EventRounds "9"]
[EventCountry "CZE"]
[SourceTitle "CBM 100 Extra"]
[Source "ChessBase"]
[SourceDate "2004.07.06"]
[SourceVersion "2"]
[SourceVersionDate "2004.07.06"]
[SourceQuality "1"]

1. e4 c5 2. Nf3 Nc6 3. d4 cxd4 4. Nxd4 e5 5. Nb5 a6 6. Nd6+ Bxd6 7. Qxd6 Qf6 8. Qxf6 Nxf6 9. Nc3 d5 10. Nxd5 Nxd5 11. exd5 Nb4 12. Bd3 Nxd3+ 13. cxd3 Bf5 14. 0-0 Bxd3 15. Rd1 e4 16. Bf4 Rc8 17. Rac1 Kd7 18. d6 Rxc1 19. Rxc1 Rc8 20. f3 exf3 21. gxf3 1/2-1/2

[Event "Plzen op-A 10th"]
[Site "Plzen"]
[Date "2004.??.??"]
[Round "5"]
[White "Kamenik, Martin"]
[Black "Beran, Bohumil"]
[Result "1/2-1/2"]
[WhiteElo "2055"]
[BlackElo "2155"]
[PlyCount "40"]
[EventDate "2004.08.??"]
[EventType "swiss"]
[EventRounds "9"]
[EventCountry "CZE"]
[SourceTitle "EXT 2007"]
[Source "ChessBase"]
[SourceDate "2006.11.23"]
[SourceVersion "1"]
[SourceVersionDate "2006.11.23"]
[SourceQuality "1"]

1. e4 e5 2. Nc3 Bc5 3. Bc4 Nf6 4. d3 d6 5. h3 0-0 6. Nf3 Be6 7. Bxe6 fxe6 8. 0-0 Nc6 9. Na4 Bb6 10. Nxb6 axb6 11. Qe2 Qe7 12. Bg5 h6 13. Bxf6 Rxf6 14. c3 Raf8 15. Nh2 d5 16. f3 d4 17. c4 Qd6 18. a3 Ne7 19. b4 Ng6 20. g3 R6f7 1/2-1/2

[Event "Plzen op-A 10th"]
[Site "Plzen"]
[Date "2004.??.??"]
[Round "1"]
[White "Kamenik, Martin"]
[Black "Cifka, Stanislav"]
[Result "0-1"]
[WhiteElo "2055"]
[BlackElo "2300"]
[PlyCount "72"]
[EventDate "2004.08.??"]
[EventType "swiss"]
[EventRounds "9"]
[EventCountry "CZE"]
[SourceTitle "EXT 2007"]
[Source "ChessBase"]
[SourceDate "2006.11.23"]
[SourceVersion "1"]
[SourceVersionDate "2006.11.23"]
[SourceQuality "1"]

1. e4 e6 2. d4 d5 3. Nd2 c5 4. exd5 Qxd5 5. Ngf3 cxd4 6. Bc4 Qd6 7. 0-0 Nf6 8. Re1 Nc6 9. Nb3 a6 10. Nbxd4 Nxd4 11. Nxd4 Qc7 12. Bb3 Bd6 13. g3 0-0 14. Bg5 b5 15. Bxf6 gxf6 16. Qh5 Bb7 17. c3 Be5 18. Rad1 f5 19. Re3 Kh8 20. Kf1 Rad8 21. Qh4 Rg8 22. Rde1 Rg4 23. Qh6 Rg6 24. Qh5 Bxd4 25. cxd4 Rxd4 26. Rc3 Qb6 27. Qe2 Re4 28. Qd2 Rg8 29. Rd1 b4 30. Re3 Rxe3 31. Qxe3 Qxe3 32. fxe3 Bc6 33. Bc4 a5 34. b3 Kg7 35. Rd4 Kf6 36. Ke2 Be4 0-1